01872nam a2200265 b 4500001001500000003000700015005001700022008004100039016003100080017005000111020001500161035002100176040002900197041001300226082002100239100003200260240002600292245012100318260003500439300004100474490002200515504002100537520099600558650005201554bimo0002034468SpMaBN20200608133433.0050629s2005 sp | ||| ||spa 7 abimoBNE200504056162SpMaBN aM 18736-2005bOficina Depósito Legal Madrid a8484326500 a(OCoLC)433543611 aSpMaBNbspacSpMaBNerdc1 aspaheng a940.4 H357a 20051 aHastings, Maxd1945-eautor10aArmageddonlEspañol10aArmagedón : bla derrota de Alemania, 1944-1945 / cMax Hastings ; traducción castellana de David León Gómez aBarcelona : bCrítica,c2005 a855 páginas : ilustraciones, fotos aMemoria crítica aIncluye Índice aArmagedón es la historia de la última gran campaña de la Segunda Guerra Mundial: la batalla por la conquista de Alemania, que comenzó como el mayor hecho militar del siglo XX y acabó como su mayor tragedia humana. Hastings ha investigado en los archivos de cuatro países distintos y ha entrevistado a 170 testigos para averiguar por qué los ejércitos aliados no terminaron mucho antes una campaña en la que contaban con fuerzas muy superiores. El autor narra lo que acabó convirtiéndose en una trágica sucesión de combates, bombardeos, saqueos, violaciones y masacres que consumió más de un millón de vidas humanas. Las campañas militares y los grandes acontecimientos colectivos se entrelazan en estas páginas con las experiencias individuales de quienes vivieron estos días dramáticos para componer un relato impresionante. Patrick Bishop ha dicho de este libro que es «profundo y sombrío, con la fuerza suficiente para invadir vuestros sueños. 7aGuerra mundial, 1939-1945xCampañaszAlemania